02196cam a22005294i 4500003000900000005001700009008004100026020001500067020001800082035002000100040003300120082001900153100002900172245009500201250002300296264003400319300003900353336002100392337002500413338002300438490002900461504003600490505089100526526001001417526001001427526001001437526001001447526001001457526000901467526000901476526000901485526000901494526000901503526000901512526000901521526000901530526000901539526000901548526000801557526000801565526000801573526000801581526000801589526000801597541001701605650004401622PE-LiUPU20250731170419.0171205s2012 sp 0 rb 00 0 spa d a8497778413 a9788497778411 a(Sirsi) a240313 aPE-LiUPUbspacPE-LiUPUerda04a158.2bS962201 aHühn, Susanne,eautor.13aLa codependencia :b12 pasos para liberarse de la dependencia emocional /cSusanne Hühn. aPrimera edición. 1aBarcelona :bObelisco,c2012. a165 páginas ;c24 centímetros. atext2rdacontent aunmediated2rdamedia avolume2rdacarrier0 aColección Psicología aBibliografía : páginas 163.0 aFormula de liberación -- Los doce pasos -- Admite que has asumido una carga excesiva y que no sabes como deshacerte de ella -- Reconoces que dispones de fuerzas útiles en tu vida -- Aprende a confiar en las fuerzas que te apoyan -- Reconoces qué es lo que haces para sentir que no tienes valor -- Admite ante ti mismo de que manera te explotas más alla de tus fuerzas -- Disponte a abandonar las viejas pautas de pensamiento y conducta -- Pide humildemente ser curado -- Disponte a repara todo el mal causado a los demás, pero ante todo lo que te has causado a ti mismo -- Date permiso para hacer las paces con el pasado y con el presente -- Reconoce cuándo recaes en los viejos patrones de conducta y abándonalos -- Aprende a entrar en contacto con tu voz interior y a hacerle caso -- Transmite tus conocimientos de forma cuidadosa y amorosa a todos aquellos que quieran. aSEG68 aSEG70 aSEG69 aSEG67 aSEG43 aP144 aP143 aP131 aP122 aP120 aP117 aP112 aP110 aP106 aP101 aP80 aP59 aP54 aP35 aP33 aP30 g0006-002570;14aCodependenciaxTratamiento alternativo.